000 00280nam a22001337a 4500
008 170915b xxu||||| |||| 00| 0 eng d
020 _a002662270
041 _aeng
080 _a7
100 _a44
101 _aART
245 _aART IN FOCUS
_cMITTLER.G.A
942 _2udc
_cBK
999 _c27830
_d27830